Diagnostika prvkov betónových konštrukcií
Salvato in:
| Autori principali: | , |
|---|---|
| Natura: | Libro |
| Lingua: | slovacco |
| Pubblicazione: |
Košice :
Technická univerzita v Košiciach,
2003
|
| Tags: |
Nessun Tag, puoi essere il primo ad aggiungerne!!
|
MARC
| LEADER | 00000nam a22000003a 4500 | ||
|---|---|---|---|
| 001 | stu80628 | ||
| 005 | 20150617225640.9 | ||
| 008 | 030528s2003----xo------------------slo-d | ||
| 020 | |a 80-7099-937-3 | ||
| 040 | |a STU |b slo | ||
| 041 | 0 | |a slo | |
| 044 | |a xo | ||
| 080 | |a 624.012.3/.4 |7 stu_us_auth*stu4207 | ||
| 100 | 1 | |a Priganc, Sergej |4 aut | |
| 245 | 1 | |a Diagnostika prvkov betónových konštrukcií | |
| 260 | |a Košice : |b Technická univerzita v Košiciach, |c 2003 | ||
| 300 | |a 120 s.;obr.,tab | ||
| 700 | 1 | |a Terpáková, Eva |4 aut | |
| 996 | |c V*48217/O-21248 |l VV16 |s P |a 0 |w stu80628_0001 | ||
| 996 | |b 284V026625 |c V*8840/K-1924 |l VVT |s A |a 24 |w stu80628_0002 | ||